Algebra programmed /

Guardado en:
Autor Principal: Alwin, Robert H.
Otros Autores: Hackworth, Robert D.
Formato: Libro
Idioma:English
Publicado: Englewood Cliffs : Prentice-Hall, 1969.
Etiquetas: Agregar Etiqueta
Sin Etiquetas, Sea el primero en etiquetar este registro!
LEADER 00474nam a22001575a 4500
001 EUN.um010713
003 AR-BaUNS
005 20050623122854.0
008 041125s1969####xxu###########000#0#eng#d
245 1 0 |a Algebra programmed /  |c Robert H. Alwin, Robert D. Hackworth. 
260 |a Englewood Cliffs :  |b Prentice-Hall,  |c 1969. 
300 |a 2 v. 
100 1 |a Alwin, Robert H. 
700 1 |a Hackworth, Robert D. 
082 0 4 |a 512 
859 |a Ar-BaUNS  |b BIB. CENTRAL - Sector C  |h 512  |i Al93  |p 76125/976  |v 2